| 000 | 00473cam a2200181ua 4500 | ||
|---|---|---|---|
| 020 | _cRs 1.25 | ||
| 041 |
_amal _h |
||
| 082 |
_a894.812 803 55 _bGEO/NA |
||
| 100 | _aGeorge, T J S . | ||
| 245 |
_aNatotikkappalil nalumasam / _cT J S George. _hTextual Documents |
||
| 260 |
_aKottayam : _bSahitya Pravarthaka Co-operative Society , _c1960. |
||
| 300 | _a89 ; . | ||
| 365 | _aRs 1.25 | ||
| 504 | _a | ||
| 650 | _aTravelogue | ||
| 942 | _cBK | ||
| 999 |
_c527 _d527 |
||